000 00469nam a22001691a 4500
020 _a0198079389
082 _a809.892 069 4
_bRAV/O
245 _aThe oxford india anthology of tamil dalit writing/
_cby Ravikumar (ed.)
260 _aNew Delhi
_bOxford University Press
_c2012
300 _a334p.
650 _aDalit Writings Tamil
650 _aDalit Literature
650 _aLiterature
700 _aAzhagarasan R (ed.)
700 _aRavikumar (ed.)
942 _cBK
999 _c32872
_d32872